000 02442nam a2200265 a 4500
001 ASIN184511745X
005 20170105102926.0
008 131212s2011 xxu eng d
020 _a184511745X (hardcover)
_c$58.00
020 _a9781845117450 (hardcover)
040 _a0
050 0 4 _aDS292
082 0 4 _a955.03
_bMAT 2012
100 1 _aMatthee, Rudi.
245 1 0 _aPersia in crisis :
_bsafavid decline and the fall of isfahan /
_cRudi Matthee.
260 _a[S.l.] :
_bI. B. Tauris,
_c2011.
300 _a336 p. ;
_c25 cm.
490 1 _aInternational library of iranian studies.
520 _aThe decline and fall of Safavid Iran is traditionally seen as the natural outcome of the unrelieved political stagnation and moral degeneration which characterized late Safavid Iran. Persia in Crisis challenges this view. In this ground-breaking new book, Rudi Matthee revisits traditional sources and introduces new ones to take a fresh look at Safavid Iran in the century preceding the fall of Isfahan in 1722, which brought down the dynasty and ushered in a long period of turbulence in Iranian history. Inherently vulnerable because of the country's physical environment, its tribal makeup, and a small economic base, the Safavid state was fatally weakened over the course of the seventeenth century. Matthee views Safavid Iran as a network of precarious alliances subject to perpetual negotiation and the society they ruled as an uneasy balance between conflicting forces. In the later seventeenth century, this delicate balance shifted from cohesion to fragmentation. An increasingly detached, palace-bound shah; a weakening link between the capital and the outlying provinces; the regime's neglect of the military; and its short-sighted monetary policies combined to exacerbate rather than redress existing problems, leaving the country with a ruler too feeble to hold factionalism and corruption in check and a military unable to defend its borders against outside attack by Ottomans and Afghans. The scene was set for the Crisis of 1722. This book makes a major contribution to our understanding of Iranian history and the period that led to two hundred years of decline and eclipse for Iran.
650 0 _aIran
650 0 _aᚢafavid Dynasty (Iran)
830 0 _aInternational library of iranian studies.
856 4 0 _3Amazon.com
_uhttp://www.amazon.com/exec/obidos/ASIN/184511745X/chopaconline-20
942 _2ddc
_cBK
999 _c15843
_d15843